[Event "Asia-ch U20"]
[Site "Bishkek"]
[Date "2015.10.09"]
[Round "7.8"]
[White "Kenenbaev, Aidar"]
[Black "Zhakypov, Artur"]
[Result "1-0"]
[WhiteElo "1991"]
[BlackElo "1613"]
[PlyCount "72"]
[EventDate "2015.10.03"]
[EventType "swiss"]
[EventRounds "9"]
[EventCountry "KGZ"]
[SourceTitle "EXT 2022"]
[Source "ChessBase"]
[SourceDate "2021.10.06"]
[SourceVersion "1"]
[SourceVersionDate "2021.10.06"]
[SourceQuality "1"]

1. e4 e6 2. d3 d5 3. Nd2 Nf6 4. Ngf3 c5 5. g3 Nc6 6. Bg2 Be7 7. 0-0 0-0 8. Re1 b5 9. exd5 exd5 10. d4 cxd4 11. Nb3 b4 12. Nbxd4 Bd7 13. Be3 a5 14. Qd3 Rc8 15. Rac1 Re8 16. Nf5 Bxf5 17. Qxf5 Ne4 18. Rcd1 Nf6 19. Ng5 g6 20. Qd3 h6 21. Nh3 Kg7 22. Nf4 Rc7 23. Nxd5 Nxd5 24. Bxd5 Ne5 25. Bd4 Bf6 26. f4 Qxd5 27. Bxe5 Qxd3 28. cxd3 Bxe5 29. fxe5 Rc2 30. d4 Rxb2 31. d5 Rxa2 32. d6 Rc2 33. e6 fxe6 34. Rxe6 Rd8 35. Re7+ Kg8 36. d7 Rf2 1-0

[Event "Asia-ch U20"]
[Site "Bishkek"]
[Date "2015.10.07"]
[Round "6.7"]
[White "Zhakypov, Artur"]
[Black "Kabilov, Amin"]
[Result "1/2-1/2"]
[WhiteElo "1613"]
[BlackElo "2180"]
[PlyCount "66"]
[EventDate "2015.10.03"]
[EventType "swiss"]
[EventRounds "9"]
[EventCountry "KGZ"]
[SourceTitle "EXT 2022"]
[Source "ChessBase"]
[SourceDate "2021.10.06"]
[SourceVersion "1"]
[SourceVersionDate "2021.10.06"]
[SourceQuality "1"]

1. e4 c5 2. Nf3 Nc6 3. d4 cxd4 4. Nxd4 e5 5. Nb5 d6 6. N1c3 a6 7. Na3 Be7 8. Be3 Be6 9. Nc4 b5 10. Nb6 Rb8 11. Ncd5 Nf6 12. a4 0-0 13. Nxf6+ Bxf6 14. axb5 axb5 15. Nd5 Bg5 16. Be2 Bxe3 17. Nxe3 Nd4 18. c3 Nxe2 19. Qxe2 b4 20. c4 Qc7 21. b3 g6 22. 0-0 f5 23. Nd5 Bxd5 24. exd5 Ra8 25. Qb2 Qc5 26. Ra2 Ra3 27. Rfa1 Rfa8 28. Rxa3 Rxa3 29. Rb1 Qa7 30. Qd2 Qd4 31. Qg5 Rxb3 32. Qd8+ Kg7 33. Qe7+ Kg8 1/2-1/2

[Event "Cholpon Ata Issyk kul"]
[Site "Cholpon Ata"]
[Date "2012.07.26"]
[Round "8.2"]
[White "Zhakypov, Artur"]
[Black "Seitaliev, Erlan"]
[Result "0-1"]
[WhiteElo "1615"]
[BlackElo "2002"]
[PlyCount "40"]
[EventDate "2012.07.26"]
[EventType "swiss"]
[EventRounds "9"]
[EventCountry "KGZ"]
[SourceTitle "EXT 2024"]
[Source "ChessBase"]
[SourceDate "2023.10.10"]
[SourceVersion "1"]
[SourceVersionDate "2023.10.10"]
[SourceQuality "1"]

1. d4 e6 2. e4 d5 3. Nd2 c5 4. exd5 exd5 5. Bb5+ Nc6 6. Ngf3 Bd6 7. 0-0 Nge7 8. c4 Be6 9. dxc5 Bxc5 10. Nb3 Bb6 11. c5 Bc7 12. Bd2 0-0 13. Nfd4 Bd7 14. Bc3 Ng6 15. Bd3 Nf4 16. Nf3 Bg4 17. Nbd4 Nxd4 18. Bxd4 Nxd3 19. Qxd3 Bxf3 20. Qxf3 Qh4 0-1